Световна здравна организация (Запис номер 125026)
[ съкратено ]
| 000 -Лидер | |
|---|---|
| Контролно поле с фиксирана дължина | nam a22 a 4500 |
| 003 - Код на организацията, давaща контролен номер | |
| Контролно поле | BLK |
| 005 - Дата и час на последна редакция | |
| Контролно поле | 20220810140646.0 |
| 008 - Елементи от данни с фиксирана дължина | |
| fixed length control field | 180409b bul|||||r ||||||| ||bul|| |
| 010 ## - Наследен системен номер | |
| LC control number | KNG00130695000 |
| 040 ## - Източник на каталожния запис | |
| Идентификатор на билиотеката - собственик на записа | BLK |
| 041 ## - Код за език | |
| Код за езика на текст/звукозапис или на отделно заглавие | Български |
| Код за езика КДБФ | Български |
| 080 ## - УДК | |
| Текстов определител УДК | Здравеопазване. Обществена (социална) хигиена. Защита от нещастни случаи - Организация на здравеопазването. Санитарно дело |
| УДК код - определител по УДК | 614 |
| УДК определител | (100) |
| УДК - код + определител | 614(100) |
| 080 ## - УДК | |
| Текстов определител УДК | Организации, дружества и движения за развитие на науката и културата и разпространение на научни знания. Научна общественост |
| УДК код - определител по УДК | 061.22 |
| УДК определител | :614(100) |
| УДК - код + определител | 061.22:614(100) |
| 100 1# - Редна дума - Автор | |
| Автор | Арнаудов, Димитър Георгиев |
| Авторска отговорност | първи автор |
| R(LIN) | 376265 |
| 139 ## - Редно поле | |
| Редна дума | Арнаудов, Димитър Георгиев и др. |
| Авторски знак | Арн - А 87 |
| 245 10 - Сведения за заглавието | |
| Заглавие | Световна здравна организация |
| Подзаглавни данни | История, структура, дейност |
| Редно поле (дума) | Димитър Георгиев Арнаудов; съавт. Никола Ангелов Николов; съавт. Добрин Кръшков. |
| 257 ## - Страна на издаване | |
| Страна на създаване/издаване | България |
| 260 ## - Област на издателските данни | |
| Име на издателя, разпространителя и проч. | Медицина и физкултура |
| Година на издаване | 1973 |
| Място на издаване, разпространение и проч. | София |
| 300 ## - Физическа характеристика | |
| Страници | 152 с. |
| Илюстрации и др. | с к. и табл. 1 л. табл. |
| Размери/Мащаб | 23 см |
| 380 ## - Жанр | |
| Жанр | Медицина |
| 500 ## - Общи забележки | |
| Забележка | Авт. не са отбелязани на кор. - Рез. на рус. и англ. ез. - 1 580 тир. |
| 650 #4 - Допълнително описание по предмет – тема | |
| Основно описание – тема или топоним | Световна здравна организация |
| 9 (RLIN) | 290656 |
| 653 ## - Ключова дума – ненормативна | |
| Ключова дума | здравеопазване |
| 653 ## - Ключова дума – ненормативна | |
| Ключова дума | неправителствени организации |
| 700 1# - Други автори (авторска отговорност) | |
| Лично име | Николов, Никола Ангелов |
| Автороска отговорност (Описва отношението между автора и произведението) | съавт. |
| 9 (RLIN) | 287055 |
| 700 1# - Други автори (авторска отговорност) | |
| Лично име | Кръшков, Добрин |
| Автороска отговорност (Описва отношението между автора и произведението) | съавт. |
| 9 (RLIN) | 319144 |
| 852 ## - Местоположение | |
| Форматна сигнатура | Цб 69932 |
| Фондова буква | Хранилище |
| 999 ## - СИСТЕМНИ КОНТРОЛНИ НОМЕРА | |
| Koha biblionumber | 125026 |
| Koha biblioitemnumber | 125026 |
| 942 ## - АРТИКУЛИ | |
| Вид на библиотечния материал | Книги |
| Скрит в OPAC | Не |
| Периодичен библиозапис | Да |
| 944 ## - СЪЗДАВАНЕ И РЕДАКЦИЯ на ЗАПИСА | |
| Създаване/Редакция | Създаване |
| Дата на регистрацията/редакция | 18.05.2012 |
| Статус, дата на статуса | 18.05.2012 - от С1,Р / 18.05.2012 |
| Служител, извършил регистрацията/редакцията | Кети_Илиева |
| 944 ## - СЪЗДАВАНЕ И РЕДАКЦИЯ на ЗАПИСА | |
| Създаване/Редакция | Редакция |
| Дата на регистрацията/редакция | 2022-08-10 |
| Статус, дата на статуса | 2022-08-10 |
| Код за отписване | Код за изгубен артикул | Източник на класификационната схема | Код за повреда | Коз за рестрикции | Код за отдаване | Артикулен № | Име на библиотеката - собственик | Име на библиотеката, в която се намира в момента | Статус (Текущо местоположение) | Дата на вписване в системата | Местоположение - отдел | Цена в лева | Инвентарен номер | Систематично азбучна сигнатура | Баркод | Номер на екземпляра | Цена в евро | Служебна бележка | Служебен тип на артикула |
|---|---|---|---|---|---|---|---|---|---|---|---|---|---|---|---|---|---|---|---|
| Не е изгубен | Universal Decimal Classification | Не е повреден | само за читалня | ползва се в читалня | 203136 | Регионална библиотека "Любен Каравелов" Русе | Регионална библиотека "Любен Каравелов" Русе | Хранилище | 1973-01-01 | Хранилище | 0.50 | 149819 | Цб 69932 | 120000149819 | 1 | 0.26 | Вид: СФ Дата: 01.01.1973 | Книги |